Membangun masyarakat moden yang berilmu dan berakhlak

Bibliographic Details
Other Authors: Syamsul Bahri Andi Galigo
Format: Book
Published: Kuala Lumpur : KUIM , 2005
Subjects:

MARC

LEADER 00000cam a2200000 7i4500
001 0000012284
005 20080409.0
008 071211
020 |a 9832950198 
090 0 0 |a 297.74   |b MEM 
245 1 0 |a Membangun masyarakat moden yang berilmu dan berakhlak   |c penyunting Syamsul Bahri Andi Galigo...[et al] 
260 |a Kuala Lumpur :   |b KUIM ,   |c 2005 
650 0 |a Da'wah (Islam) 
650 0 |a Globalisation   |x Relegious aspects   |x Islam 
650 0 |a Islamic ethics 
650 0 |a Malay fiction 
700 0 |a Syamsul Bahri Andi Galigo 
999 |a 0001005889   |b Book   |c Adult Collection   |e Cawangan Bukit Gambir 
999 |a 0001005890   |b Book   |c Adult Collection   |e Perbadanan Perpustakaan Awam Johor 
999 |a 0001005891   |b Book   |c Adult Collection   |e Perbadanan Perpustakaan Awam Johor